Pharmacology for the boards and wards / (Record no. 87)
[ view plain ]
| 000 -LEADER | |
|---|---|
| fixed length control field | 01544cam a22004334a 4500 |
| 001 - CONTROL NUMBER | |
| control field | 14291134 |
| 003 - CONTROL NUMBER IDENTIFIER | |
| control field | OSt |
| 005 - DATE AND TIME OF LATEST TRANSACTION | |
| control field | 20200310112345.0 |
| 008 - FIXED-LENGTH DATA ELEMENTS--GENERAL INFORMATION | |
| fixed length control field | 060306s2007 paua 001 0 eng |
| 010 ## - LIBRARY OF CONGRESS CONTROL NUMBER | |
| LC control number | 2006007111 |
| 016 7# - NATIONAL BIBLIOGRAPHIC AGENCY CONTROL NUMBER | |
| Record control number | 013455939 |
| Source | Uk |
| 020 ## - INTERNATIONAL STANDARD BOOK NUMBER | |
| International Standard Book Number | 1405105119 (alk. paper) |
| 020 ## - INTERNATIONAL STANDARD BOOK NUMBER | |
| International Standard Book Number | 9781405105118 (alk. paper) |
| 040 ## - CATALOGING SOURCE | |
| Original cataloging agency | KAB LIB |
| Transcribing agency | KABLIB |
| 042 ## - AUTHENTICATION CODE | |
| Authentication code | pcc |
| 043 ## - GEOGRAPHIC AREA CODE | |
| Geographic area code | n-us--- |
| 050 10 - LIBRARY OF CONGRESS CALL NUMBER | |
| Classification number | RM301.14 |
| Item number | .A935 2007 |
| 060 00 - NATIONAL LIBRARY OF MEDICINE CALL NUMBER | |
| Classification number | 2006 I-741 |
| 060 10 - NATIONAL LIBRARY OF MEDICINE CALL NUMBER | |
| Classification number | QV 18.2 |
| Item number | A973p 2007 |
| 082 00 - DEWEY DECIMAL CLASSIFICATION NUMBER | |
| Classification number | 615/.1 |
| Edition number | 22 |
| 100 1# - MAIN ENTRY--PERSONAL NAME | |
| Personal name | Ayala, Carlos, |
| Titles and words associated with a name | MD. |
| 9 (RLIN) | 307 |
| 245 10 - TITLE STATEMENT | |
| Title | Pharmacology for the boards and wards / |
| Statement of responsibility, etc. | Carlos Ayala, Brad Spellberg ; with Louis J. Ignarro. |
| 250 ## - EDITION STATEMENT | |
| Edition statement | 2nd ed.: |
| 260 ## - PUBLICATION, DISTRIBUTION, ETC. | |
| Place of publication, distribution, etc. | Philadelphia : |
| Name of publisher, distributor, etc. | Lippincott Williams & Wilkins, |
| Date of publication, distribution, etc. | c2007. |
| 300 ## - PHYSICAL DESCRIPTION | |
| Extent | xv, 286 p. : |
| Other physical details | (B&W)ill. ; |
| Dimensions | 21 cm. |
| 500 ## - GENERAL NOTE | |
| General note | Includes :index (P.259-286) |
| 650 #0 - SUBJECT ADDED ENTRY--TOPICAL TERM | |
| Topical term or geographic name entry element | Pharmacology |
| 9 (RLIN) | 308 |
| 650 #0 - SUBJECT ADDED ENTRY--TOPICAL TERM | |
| Topical term or geographic name entry element | Physicians |
| General subdivision | Licenses |
| Geographic subdivision | United States |
| General subdivision | Examinations |
| Form subdivision | Study guides. |
| 9 (RLIN) | 309 |
| 650 12 - SUBJECT ADDED ENTRY--TOPICAL TERM | |
| Topical term or geographic name entry element | Pharmaceutical Preparations |
| Form subdivision | Examination Questions. |
| 9 (RLIN) | 310 |
| 650 12 - SUBJECT ADDED ENTRY--TOPICAL TERM | |
| Topical term or geographic name entry element | Pharmaceutical Preparations |
| Form subdivision | Outlines. |
| 9 (RLIN) | 311 |
| 650 22 - SUBJECT ADDED ENTRY--TOPICAL TERM | |
| Topical term or geographic name entry element | Pharmacology |
| Form subdivision | Examination Questions. |
| 9 (RLIN) | 312 |
| 650 22 - SUBJECT ADDED ENTRY--TOPICAL TERM | |
| Topical term or geographic name entry element | Pharmacology |
| Form subdivision | Outlines. |
| 9 (RLIN) | 313 |
| 700 1# - ADDED ENTRY--PERSONAL NAME | |
| Personal name | Spellberg, Brad. |
| 9 (RLIN) | 314 |
| 700 1# - ADDED ENTRY--PERSONAL NAME | |
| Personal name | Ignarro, Louis J. |
| 9 (RLIN) | 315 |
| 856 41 - ELECTRONIC LOCATION AND ACCESS | |
| Uniform Resource Identifier | <a href="http://www.loc.gov/catdir/toc/ecip069/2006007111.html">http://www.loc.gov/catdir/toc/ecip069/2006007111.html</a> |
| 856 42 - ELECTRONIC LOCATION AND ACCESS | |
| Materials specified | Publisher description |
| Uniform Resource Identifier | <a href="http://www.loc.gov/catdir/enhancements/fy0714/2006007111-d.html">http://www.loc.gov/catdir/enhancements/fy0714/2006007111-d.html</a> |
| 906 ## - LOCAL DATA ELEMENT F, LDF (RLIN) | |
| a | 7 |
| b | cbc |
| c | orignew |
| d | 1 |
| e | ecip |
| f | 20 |
| g | y-gencatlg |
| 942 ## - ADDED ENTRY ELEMENTS (KOHA) | |
| Source of classification or shelving scheme | Dewey Decimal Classification |
| Koha item type | Book |
No items available.